000 00671cam a22002173a 4500
001 38363
003 PGUSA
005 20140828083839.0
008 111222s2011||||xxu|||||s|||||000 | eng d
040 _aPGUSA
_beng
042 _adc
100 1 _aLong, William J.
_q(William Joseph),
_d1867-1952
245 1 2 _aA Little Brother to the Bear and other Animal Stories
_h[electronic resource] /
_cWilliam J. Long
260 _bProject Gutenberg,
_c2011
506 _aPublic domain in the USA.
516 _aElectronic text
700 1 _aCopeland, Charles,
_d1858-1929
830 0 _aProject Gutenberg
_v38363
856 4 0 _uhttp://www.gutenberg.org/ebooks/38363
942 _cEB
999 _c267617
_d267617